Bedding and furniture materials. V 14. Fire and flammability series (Record no. 34808)

MARC details
000 -LEADER
fixed length control field 00309nam a2200109Ia 4500
082 ## - DEWEY DECIMAL CLASSIFICATION NUMBER
Classification number 684.73
Item number HIT
100 ## - MAIN ENTRY--AUTHOR NAME
Personal name Hilado, C J
245 #0 - TITLE STATEMENT
Title Bedding and furniture materials. V 14. Fire and flammability series
260 ## - PUBLICATION, DISTRIBUTION, ETC. (IMPRINT)
Place of publication Westport
Name of publisher Technomic
Year of publication 1976
942 ## - ADDED ENTRY ELEMENTS (KOHA)
Koha item type Books
Holdings
Withdrawn status Lost status Damaged status Not for loan Home library Current library Date acquired Cost, normal purchase price Full call number Accession Number Koha item type
        RRII Library RRII Library 16/12/2021 20.00 684.73 HIT 15235 Books